Govt. of
Madhya Pradesh

Ancient Indian Tradition & Mythology (Record no. 8977)

MARC details
000 -LEADER
fixed length control field 003190000a22001330004500
003 - CONTROL NUMBER IDENTIFIER
control field MACL
040 ## - CATALOGING SOURCE
Original cataloging agency MACL
090 ## - LOCALLY ASSIGNED LC-TYPE CALL NUMBER (OCLC); LOCAL CALL NUMBER (RLIN)
-- 9032
-- 9031
100 ## - MAIN ENTRY--PERSONAL NAME
Personal name Shastri, J L
245 ## - TITLE STATEMENT
Title Ancient Indian Tradition & Mythology
Remainder of title vol 13 Part 2
260 ## - PUBLICATION, DISTRIBUTION, ETC. (IMPRINT)
Name of publisher, distributor, etc. Motilal Banarsidass Publishers
Date of publication, distribution, etc. 1991
650 ## - SUBJECT ADDED ENTRY--TOPICAL TERM
Topical term or geographic name as entry element Religion
942 ## - ADDED ENTRY ELEMENTS (KOHA)
Koha item type Library Membar
Call number prefix 294
Holdings
Withdrawn status Lost status Damaged status Not for loan Home library Current library Date acquired Total Checkouts Full call number Barcode Date last seen Uniform Resource Identifier Price effective from Koha item type
        MACL MACL 15/04/2015   294 BOOK CRE5993 29/04/2015 8876 15/04/2015 Books